| 000 | 00951cam a2200301 i 4500 | ||
|---|---|---|---|
| 001 | 200454138 | ||
| 999 |
_c200454138 _d72350 |
||
| 003 | TR-AnTOB | ||
| 005 | 20240905164700.0 | ||
| 007 | ta | ||
| 008 | 130821s2006 tu ao 000 0 tur d | ||
| 020 | _a9758828320 | ||
| 040 |
_aSULEY _beng _erda _cSULEY _dTR-AnTOB |
||
| 041 | 0 | _atur | |
| 060 | 4 |
_aW 18 _bH361 2006 |
|
| 096 |
_aW18 _bH361 2006 |
||
| 100 | 1 |
_aHâtemî, Hasan Hüsrev, _d1939- _eauthor _9115506 |
|
| 245 | 1 | 0 |
_aTürk tıp eğitiminin önemli adımları / _cProf. Dr. Hüsrev Hatemi, Prof. Dr. Ayten Altıntaş |
| 264 | 1 |
_aİstanbul : _bCSA Global Publishing, _c2006. |
|
| 300 |
_a259 pages : _billustrations, photographs ; _c30 cm |
||
| 336 |
_atext _btxt _2rdacontent |
||
| 337 |
_aunmediated _bn _2rdamedia |
||
| 338 |
_avolume _bnc _2rdacarrier |
||
| 504 | _aBIB | ||
| 650 | 0 |
_aMedical education _981792 _zTurkey |
|
| 700 | 1 |
_aAltıntaş, Ayten _eauthor _9118370 |
|
| 942 |
_2NLM _cBK |
||